MARC details
| 000 -CABECERA |
| campo de control de longitud fija |
01008cam a2200313 a 4500 |
| 001 - NÚMERO DE CONTROL |
| campo de control |
000001693 |
| 005 - FECHA Y HORA DE LA ÚLTIMA TRANSACCIÓN |
| campo de control |
20200929145651.0 |
| 008 - DATOS DE LONGITUD FIJA--INFORMACIÓN GENERAL |
| campo de control de longitud fija |
850305s1985 nyua j 000 0 eng |
| 010 ## - NÚMERO DE CONTROL DE LA BIBLIOTECA DEL CONGRESO |
| Número de control de LC |
85002260 |
| 020 ## - NÚMERO INTERNACIONAL ESTÁNDAR DEL LIBRO |
| Número Internacional Estándar del Libro |
0394546911 : |
| Condiciones de disponibilidad |
$25.00 |
| 040 ## - FUENTE DE LA CATALOGACIÓN |
| Centro catalogador/agencia de origen |
DO-SdBNP |
| Centro/agencia transcriptor |
DLC |
| Centro/agencia modificador |
DLC |
| 042 ## - CÓDIGO DE AUTENTICACIÓN |
| Código de autenticación |
lcac |
| 050 00 - SIGNATURA TOPOGRÁFICA DE LA BIBLIOTECA DEL CONGRESO |
| Número de clasificación |
QB983 |
| Número de documento/Ítem |
.C68 1985 |
| 082 00 - NÚMERO DE LA CLASIFICACIÓN DECIMAL DEWEY |
| Número de clasificación |
520.1 |
| Número de edición |
19 |
| 100 1# - ENTRADA PRINCIPAL--NOMBRE DE PERSONA |
| Nombre de persona |
Couper, Heather. |
| 9 (RLIN) |
5507 |
| 245 14 - MENCIÓN DE TÍTULO |
| Título |
The universe : |
| Resto del título |
a three-dimensional study / |
| Mención de responsabilidad, etc. |
by Heather Couper and David Pelham. |
| 260 ## - PUBLICACIÓN, DISTRIBUCIÓN, ETC. |
| Lugar de publicación, distribución, etc. |
[New York] : |
| Nombre del editor, distribuidor, etc. |
Random House, |
| Fecha de publicación, distribución, etc. |
c1985. |
| 300 ## - DESCRIPCIÓN FÍSICA |
| Extensión |
[6] p. : |
| Otras características físicas |
col. ill. ; |
| Dimensiones |
23 cm. |
| 500 ## - NOTA GENERAL |
| Nota general |
Cover title. |
| 520 ## - SUMARIO, ETC. |
| Sumario, etc. |
Text and pop-up illustrations trace the history of the universe. |
| 650 #0 - PUNTO DE ACCESO ADICIONAL DE MATERIA--TÉRMINO DE MATERIA |
| Término de materia o nombre geográfico como elemento de entrada |
Cosmology |
| Subdivisión general |
History |
| -- |
Juvenile literature. |
| 9 (RLIN) |
5508 |
| 650 #0 - PUNTO DE ACCESO ADICIONAL DE MATERIA--TÉRMINO DE MATERIA |
| Término de materia o nombre geográfico como elemento de entrada |
Toy and movable books |
| Subdivisión general |
Specimens. |
| 9 (RLIN) |
5509 |
| 650 #1 - PUNTO DE ACCESO ADICIONAL DE MATERIA--TÉRMINO DE MATERIA |
| Término de materia o nombre geográfico como elemento de entrada |
Universe. |
| 9 (RLIN) |
5510 |
| 650 #1 - PUNTO DE ACCESO ADICIONAL DE MATERIA--TÉRMINO DE MATERIA |
| Término de materia o nombre geográfico como elemento de entrada |
Cosmology. |
| 9 (RLIN) |
5511 |
| 650 #1 - PUNTO DE ACCESO ADICIONAL DE MATERIA--TÉRMINO DE MATERIA |
| Término de materia o nombre geográfico como elemento de entrada |
Toy and movable books. |
| 9 (RLIN) |
5512 |
| 700 1# - PUNTO DE ACCESO ADICIONAL--NOMBRE DE PERSONA |
| Nombre de persona |
Pelham, David. |
| 9 (RLIN) |
5513 |
| 910 ## - DATOS DE OPCIÓN DEL USUARIO (OCLC) |
| Datos de opción del usuario |
Catalogación por copia / LC |
| 910 ## - DATOS DE OPCIÓN DEL USUARIO (OCLC) |
| Datos de opción del usuario |
DC |